| 000 | 00640cam a2200217 4500 | ||
|---|---|---|---|
| 001 | L130179 | ||
| 008 | 050630n2005 000 0 eng u | ||
| 020 | _a0750665602 | ||
| 035 | _a(Sirsi) u130179 | ||
| 041 | _aeng | ||
| 050 | _a692.5 $2 18 | ||
| 110 | _aV.B. Johnson LLP | ||
| 245 | _aLaxton's building price book: major and small works 2006 | ||
| 250 | _a178th ed. | ||
| 260 |
_aOxford _bElsevier _c2005 |
||
| 300 |
_axliv, 916p. _c30cm. |
||
| 350 | _a110.00 | ||
| 520 | _aSuperseded by 179th edition (ISBN 0750665610). Supersedes 177th edition (ISBN 075064737X). | ||
| 690 | _aBUILT ENVIRONMENT-BUILDING COSTS | ||
| 942 | _n0 | ||
| 999 |
_c104379 _d104379 |
||